00511nam a22001817a 4500010001300000020001500013035001300028037001800041040001200059082001300071245005900084260004100143270003500184300002600219505001900245650004000264650002500304 aA-427437 a0195626409 aA-427437 bCen Lib / Ret aDPLbEN a081bRAY aSelected works of M. N. Raoycedited by Sibnarayan Ray aDelhibOxford University Pressc1990 aOxford University PressbDelhi a(v 3. 666p)b24cm(Hb) av 3. 1927-1932 aRoy, Manabendra Nath, -- 1887-1954. aRoy, Manabendra Nath